000 00684cam a2200229 4500
001 ABS62447
008 000000n2000 000 0 eng u
035 _a(Sirsi) u107018
245 _aFocus 2000: Bristol and North Somerset
260 _c2000
490 _aEstates Gazette
_v(0022) 3 June 2000, 75-105(15)
590 _aABS
650 _aBRISTOL
650 _aPROPERTY-COMMERCIAL PROPERTY-RETAIL PROPERTY-RETAIL PROPERTY MARKET
650 _aINDUSTRIAL MARKET
650 _aLEISURE MARKET
650 _aSOMERSET
650 _aRESIDENTIAL MARKET
650 _aRESIDENTIAL CONVERSIONS
690 _aPROPERTY-COMMERCIAL PROPERTY-COMMERCIAL PROPERTY MARKET
942 _n0
999 _c63991
_d63991